| 000 | 00481nam a2200181Ia 4500 | ||
|---|---|---|---|
| 008 | 230524s9999 xx 000 0 und d | ||
| 020 | _a9814126683 | ||
| 082 |
_a620.402 _bSON |
||
| 100 | _aRichard E.Sonntag | ||
| 245 | 0 | _aFundamentals of Thermodynamics | |
| 250 | _a6TH | ||
| 260 |
_aNEW DELHI _bJohn Wiley _c2004 |
||
| 300 | _aXVII;794 | ||
| 500 | _aQuantity Number: 100 | ||
| 650 | _aThermodynamics | ||
| 700 | _a" Claus Borgnakke , Gordon J.Van Wylen,,," | ||
| 942 | _cBK | ||
| 999 |
_c13890 _d13890 |
||